Asamiya sahityar chaneki (Record no. 11311)
[ view plain ]
| 000 -LEADER | |
|---|---|
| fixed length control field | 00465nam a22001817a 4500 |
| 005 - DATE AND TIME OF LATEST TRANSACTION | |
| control field | 20220530103421.0 |
| 008 - FIXED-LENGTH DATA ELEMENTS--GENERAL INFORMATION | |
| fixed length control field | 220530b ||||| |||| 00| 0 eng d |
| 020 ## - INTERNATIONAL STANDARD BOOK NUMBER | |
| International Standard Book Number | 8172060955 |
| 040 ## - CATALOGING SOURCE | |
| Original cataloging agency | IN-DiNC |
| Transcribing agency | IN-DiNC |
| 041 ## - LANGUAGE CODE | |
| Language code of sung or spoken text | Assamese |
| 082 ## - DEWEY DECIMAL CLASSIFICATION NUMBER | |
| Classification number | 891.4514 |
| 100 ## - MAIN ENTRY--PERSONAL NAME | |
| Personal name | Goswami Hemchandra |
| Relator term | Author |
| 245 ## - TITLE STATEMENT | |
| Title | Asamiya sahityar chaneki |
| Statement of responsibility, etc. | by Henchandra Goswami |
| 250 ## - EDITION STATEMENT | |
| Edition statement | 2nd ed. |
| 260 ## - PUBLICATION, DISTRIBUTION, ETC. | |
| Place of publication, distribution, etc. | Guwahati |
| Name of publisher, distributor, etc. | Bani Mandir |
| Date of publication, distribution, etc. | 2002 |
| 440 ## - SERIES STATEMENT/ADDED ENTRY--TITLE | |
| Title | Vol. II |
| 942 ## - ADDED ENTRY ELEMENTS (KOHA) | |
| Source of classification or shelving scheme | Dewey Decimal Classification |
| Koha item type | Books |
| Withdrawn status | Lost status | Source of classification or shelving scheme | Damaged status | Not for loan | Collection code | Home library | Current library | Shelving location | Date acquired | Cost, normal purchase price | Total Checkouts | Full call number | Barcode | Date last seen | Date last checked out | Copy number | Price effective from | Koha item type |
|---|---|---|---|---|---|---|---|---|---|---|---|---|---|---|---|---|---|---|
| Dewey Decimal Classification | Assamese | Central Library, Naharkatiya College | Central Library, Naharkatiya College | General Stacks | 30/05/2022 | 250.00 | 4 | 891.4514 | 9746 | 28/02/2025 | 24/02/2025 | 1 | 30/05/2022 | Books |
